Qu'ont en commun ces deux pays? - Statistiques

Statistiques générales
  • Ce quiz a été pris 182 fois
  • Le résultat moyen est 10 sur 15
Statistiques - réponses
Question Réponse % Correct
Japon et Monaco Espérance de vie supérieure à 80
93%
Cité du Vatican et Saint-Marin Sont complètement entourés par l'Italie
92%
Brésil et Colombie Sont l'un des 10 principaux exportateurs de café
84%
Allemagne et France Sont membres de l'UE et du G7
83%
La Suisse et le Costa Rica Sont politiquement neutres
79%
Danemark et Finlande Avoir une croix sur leur drapeau
77%
Luxembourg et Qatar Avoir un revenu par habitant supérieur à 100 000 dollars par an
70%
Emirats Arabes Unis et Maroc Au moins la moitié du territoire est désertique
69%
États-Unis et Royaume-Uni Utiliser un système scrutin uninominal majoritaire à un tour lors des élections
69%
Iran et Syrie Avoir une frontière avec l'Irak
68%
Rép dém du Congo et Rwanda Faisaient autrefois partie de l'empire belge
61%
Afrique du Sud et Kenya Sont membres du Commonwealth of Nations
48%
Australie et Indonésie Abritent des kangourous arboricoles
42%
Thaïlande et Myanmar Contiennent plus de 30 millions de bouddhistes
35%
Paraguay et Pérou Une majorité de la population sont des métis
25%
Aucun quiz correspondant
Distribution des résultats
% des personnes avec chaque résultat
Percentile par nombre de réponses
Votre historique - résultats
Vous n’avez pas pris ce quiz